Προπονητική (Record no. 8171)
[ view plain ]
| 000 -LEADER | |
|---|---|
| fixed length control field | 01099cam a22001814a 4500 |
| 005 - ΗΜΕΡΟΜΗΝΙΑ ΚΑΙ ΩΡΑ ΤΕΛΕΥΤΑΙΑΣ ΕΝΗΜΕΡΩΣΗΣ | |
| Πεδίο ελέγχου | 20250605164328.0 |
| 008 - FIXED-LENGTH DATA ELEMENTS--GENERAL INFORMATION | |
| Πεδίο ελέγχου σταθερού μήκους | 250528s ||||||||||||||||||||||||d |
| 035 ## - SYSTEM CONTROL NUMBER | |
| System control number | 23141 |
| 040 ## - ΠΗΓΗ ΚΑΤΑΛΟΓΟΓΡΑΦΗΣΗΣ | |
| Φορέας πρωτότυπης καταλογογράφησης | MC Athens Campus Library |
| Γλώσσα καταλογογράφησης | Ελληνικά, Μοντέρνα (1453-) |
| Modifying agency | MC Athens Campus Library |
| Κανόνες περιγραφικής καταλογογράφησης | AACR2 |
| 245 1# - ΤΙΤΛΟΣ ΚΑΙ ΔΗΛΩΣΗ ΥΠΕΥΘΥΝΟΤΗΤΑΣ | |
| Τίτλος | Προπονητική |
| 260 ## - PUBLICATION, DISTRIBUTION, ETC. | |
| Name of publisher, distributor, etc. | Συμμετρία, |
| Date of publication, distribution, etc. | 1991 |
| 300 ## - PHYSICAL DESCRIPTION | |
| Extent | 322 |
| 520 ## - SUMMARY, ETC. | |
| Summary, etc. | Σύμφωνα με τις αρχές του βιβλίου η Προπονητική αποτελεί αρμονικό συνταίριασμα επιστήμης και τέχνης. Προοπτική της Προπόνησης, Διαμόρφωση της Αθλητικής Απόδοσης, Αρχές της Αθλητικής Προπόνησης, Θεμελιώσεις και Μέθοδοι Αθλητικής Προπόνησης, Σχεδιασμός και Οργάνωση και Έλεγχος της Προπονητικής Πορείας, Προετοιμασία των Αθλητών για Αγώνες, Βιβλιογραφία. |
| 700 1# - ΠΡΟΣΘΕΤΗ ΑΝΑΓΡΑΦΗ--ΦΥΣΙΚΟ ΠΡΟΣΩΠΟ | |
| Personal name | Κλεισούρας Βασίλης |
| 9 (RLIN) | 8705 |
| 942 ## - ADDED ENTRY ELEMENTS (KOHA) | |
| Koha item type | Books |
| Τύπος τεκμηρίου | Βιβλιοθήκη | Τρέχουσα τοποθεσία | Barcode | Αριθμός εισαγωγής | Ημερομηνία απόκτησης | Ταξιθετικό σύμβολο | Αριθμός αντιτύπου | Κατάσταση απόσυρσης | Κατάσταση χαμένου | Κατάσταση κατεστραμμένου | Μη δανεισμός | Σύνολο δανεισμών | Σύνολο ανανεώσεων | Ημερομηνία τελευταίας εμφάνισης | Χρονολογία τελευταίου δανεισμού | Η τιμή ισχύει από |
|---|---|---|---|---|---|---|---|---|---|---|---|---|---|---|---|---|
| Books | MC Athens Campus Library | MC Athens Campus Library | 9780000081704 | 7555 | 05/06/2025 | 796.077 HAR | 1 | 1 | 2 | 26/02/2026 | 02/02/2026 | 05/06/2025 |